000 00567nam a2200217Ia 4500
001 18452
003 GE_BSU
008 181216s||||||||xx |||||||||||||| ||und||
020 _a9781292025247
040 _cGE_BSU
080 _a316.77
100 _aBeebe,St., Beebe, Susan
245 _aPublic Speaking an Audience-Centered Approach
250 _aPearson New International Edition. Eighth edition
260 _aHarlow
260 _bPearson
260 _c2014
300 _a414p. 28cm.
653 _aPublic Speaking an Audience-Centered Approach
942 _cBK
999 _c51466
_d51466